LEGO Series 11 Minifigures by Picture - Statistics

General Stats
  • This quiz has been taken 9 times
  • The average score is 10 of 16
Answer Stats
Picture Answer % Correct
Constable
88%
Holiday Elf
88%
Barbarian
75%
Grandma
75%
Scarecrow
75%
Scientist
75%
Yeti
75%
Gingerbread Man
63%
Lady Robot
63%
Mountain Climber
63%
Diner Waitress
50%
Island Warrior
50%
Pretzel Girl
50%
Welder
50%
Evil Mech
25%
Saxophone Player
25%
No matching quizzes found
Score Distribution
Percent of People with Each Score
Percentile by Number Answered
Your Score History
You have not taken this quiz